History Quiz

Random History or Clickable Quiz

Old West Match-Up Quiz Stats

Quiz Updated Aug 13, 2016

Challenge
Share
Tweet
Score 0/25 Timer 04:00
2 Plays Today
% Correct
Butch
97.3%
Sitting
95.6%
Wyatt
95.4%
Jesse
95%
O.K.
94.8%
Wounded
94.4%
Calamity
94.3%
Little
94.2%
Pony
94.1%
Sundance
94%
Crazy
93.9%
Doc
93%
Dodge
91.9%
% Correct
Wild Bill
90.8%
Santa Fe
88.4%
George Armstrong
88.1%
Buffalo Bill
86.5%
Kit
81.2%
Black
76.3%
Tombstone
74.7%
Boot
73.6%
Pat
71.8%
William
69.8%
Bat
69.4%
Robert
68.8%

You're not logged in!

Compare scores with friends on all Sporcle quizzes.
Join for Free
OR
Log In

You Might Also Like...

Show Comments

Extras

Top Quizzes Today


Score Distribution

Your Account Isn't Verified!

In order to create a playlist on Sporcle, you need to verify the email address you used during registration. Go to your Sporcle Settings to finish the process.

Report this User

Report this user for behavior that violates our Community Guidelines.

Details: